000 00644nam a22002297a 4500
003 UA-OsUOA
001 22537
007 ta
008 20031222b un ||||| |||| 00| 0 ukr d
090 _a167/168
_bН27
942 _cBK
040 _aUA-OsUOA
_bukr
_cUA-OsUOA
_dUA-OsUOA
245 _aНаписання і оформлення курсових і кваліфікаційних робіт (методичні вказівки)
_cВ.Б.Атаманенко
300 _a30 с.
955 _a0
041 _aukr
080 _a167/168
260 _aОстрог
_bНаУОА
_c1997
044 _aUA
650 7 _2UDC
999 _c308758
_d308758